Countries Motorhead has Visited - Statistics

General Stats
  • This quiz has been taken 106 times
    53 since last reset
  • The average score is 35 of 43
Answer Stats
Continent Country % Correct
Europe Germany
97%
Asia/ Europe Russia
97%
South America Argentina
95%
Oceania Australia
95%
South America Brazil
95%
Europe Spain
95%
Europe United Kingdom
95%
North America United States of America
95%
Europe France
92%
Asia Japan
92%
North America Mexico
92%
Europe Belgium
89%
North America Canada
89%
Europe Italy
89%
Europe Norway
89%
Europe Poland
89%
Europe Sweden
89%
Europe Finland
87%
Europe Portugal
87%
Europe Austria
84%
South America Chile
84%
South America Colombia
84%
Europe Denmark
84%
Europe Romania
82%
Europe Slovakia
82%
Europe Switzerland
82%
Asia/ Europe Turkey
82%
Europe Ireland
79%
Europe Slovenia
79%
Europe Ukraine
79%
South America Uruguay
79%
Oceania New Zealand
76%
Europe the Netherlands
76%
South America Venezuela
76%
Europe Czech Republic
74%
Europe Hungary
74%
Europe Estonia
71%
Europe Serbia
71%
Asia South Korea
68%
Europe Belarus
66%
Europe Luxembourg
66%
Europe Bosnia and Herzegovina
50%
Asia United Arab Emirates
32%
No matching quizzes found
Score Distribution
Percent of People with Each Score
Percentile by Number Answered
Your Score History
You have not taken this quiz since the last reset